| 000 -CABECERA |
| Longitud fija campo de control |
00671nam a2200217 a 4500 |
| 001 - NÚMERO DE CONTROL |
| Número de control |
5908 |
| 003 - IDENTIFICADOR DEL NÚMERO DE CONTROL |
| Identificador del número de control |
CDMR |
| 005 - FECHA Y HORA DE LA ÚLTIMA TRANSACCIÓN |
| Fecha y hora de la última transacción |
20130402162021.0 |
| 008 - CÓDIGOS DE INFORMACIÓN DE LONGITUD FIJA |
| Códigos de información de longitud fija |
130220s1996||||||||||||||||||||||||||||d |
| 020 ## - NÚMERO INTERNACIONAL NORMALIZADO PARA LIBROS |
| Número Internacional Normalizado para Libros (ISBN) |
8473069218 |
| 040 ## - FUENTE DE LA CATALOGACIÓN |
| Centro catalogador de origen |
CDMR |
| Lengua de catalogación |
cat |
| Centro transcriptor |
CDMR |
| 100 1# - PUNTO DE ACCESO PRINCIPAL-NOMBRE DE PERSONA |
| 9 (RLIN) |
2923 |
| Nombre de persona |
Artís-Gener, Avel·lí |
| Fechas asociadas al nombre |
1912-2000 |
| 245 10 - MENCIÓN DE TÍTULO |
| Título |
Viure i veure |
| Mención de responsabilidad, etc. |
Avel·lí Artís-Gener (Tísner) |
| Resto del título |
: 4 |
| 260 ## - PUBLICACIÓN, DISTRIBUCIÓN, ETC. (PIE DE IMPRENTA) |
| Lugar de publicación, distribución, etc. |
Barcelona |
| Nombre del editor, distribuidor, etc. |
Pòrtic |
| Fecha de publicación, distribución, etc. |
1996 |
| 300 ## - DESCRIPCIÓN FÍSICA |
| Extensión |
288 p ; |
| Dimensiones |
16 cm |
| 490 0# - MENCIÓN DE SERIE |
| Mención de serie |
Vides i memòries |
| Designación de volumen o secuencia |
16 |
| 500 ## - NOTA GENERAL |
| Nota general |
L'exemplar correspon al 4t volum de l'obra Viure i Veure |
| 600 1# - PUNTO DE ACCESO ADICIONAL DE MATERIA - NOMBRE DE PERSONA |
| 9 (RLIN) |
2923 |
| Nombre de persona |
Artís-Gener, Avel·lí |
| Fechas asociadas al nombre |
1912-2000 |
| 650 ## - PUNTO DE ACCESO ADICIONAL DE MATERIA - TÉRMINO DE MATERIA |
| Término de materia o nombre geográfico como elemento inicial |
Periodistes catalans |
| Subdivisión de forma |
Biografies |
| 9 (RLIN) |
4 |
| 942 ## - ENTRADA DE ELEMENTOS AGREGADOS (KOHA) |
| Koha [por defecto] tipo de item |
Monografies |
| Fuente de clasificaión o esquema |
|